00620nam a22001817a 4500020001800000082001500018100001700033245005000050250001200100260004000112300002500152500002000177650004900197700002500246942000700271999001700278952014300295 a9780070699724 a621.31 SUD aSudhakar, A. aCircuits and networks: analysis and synthesis a4th ed. aNew Delhi, IndiabMcGraw Hillc2010 axvii, 972 p.bill. ; aIncludes index. a1. Electric networks. 2. Electric circuits. aPalli, Shyammohan S. cBK c12662d12662 001040708NFICaCLbCLcGENd2013-12-27eAllied Book Companyg702.12l2o621.31 SUDpSEECS012963r2018-10-05s2018-10-01w2014-01-15yBK